Principles of long-term health care administration / (Record no. 762)

000 -LEADER
fixed length control field 01430nam a22003977a 4500
001 - CONTROL NUMBER
control field 3574737
003 - CONTROL NUMBER IDENTIFIER
control field OSt
005 - DATE AND TIME OF LATEST TRANSACTION
control field 20210422052045.0
008 - FIXED-LENGTH DATA ELEMENTS--GENERAL INFORMATION
fixed length control field 990310s1999 mdu 001 0 eng c
010 ## - LIBRARY OF CONGRESS CONTROL NUMBER
LC control number 99014786
020 ## - INTERNATIONAL STANDARD BOOK NUMBER
International Standard Book Number 0834213710
035 ## - SYSTEM CONTROL NUMBER
System control number (DLC) 99014786
040 ## - CATALOGING SOURCE
Original cataloging agency DNLM/DLC
Transcribing agency DLC
Modifying agency DLC
042 ## - AUTHENTICATION CODE
Authentication code pcc
050 00 - LIBRARY OF CONGRESS CALL NUMBER
Classification number RA999.A35
Item number B879 1999
060 10 - NATIONAL LIBRARY OF MEDICINE CALL NUMBER
Classification number WX 162
Item number B988p 1999
080 ## - UNIVERSAL DECIMAL CLASSIFICATION NUMBER
Universal Decimal Classification number 614
Item number B-98
082 00 - DEWEY DECIMAL CLASSIFICATION NUMBER
Classification number 362.1/6/068
Edition number 21
100 1# - MAIN ENTRY--PERSONAL NAME
Personal name Buttaro, Peter J.
245 10 - TITLE STATEMENT
Title Principles of long-term health care administration /
Statement of responsibility, etc. Peter J. Buttaro ; Emily L.H. Buttaro, editor.
260 ## - PUBLICATION, DISTRIBUTION, ETC.
Place of publication, distribution, etc. Gaithersburg, Md. :
Name of publisher, distributor, etc. Aspen Publishers,
Date of publication, distribution, etc. 1999.
300 ## - PHYSICAL DESCRIPTION
Extent x, 325 p. ;
Dimensions 28 cm.
500 ## - GENERAL NOTE
General note "An Aspen publication."
500 ## - GENERAL NOTE
General note Includes index.
650 #0 - SUBJECT ADDED ENTRY--TOPICAL TERM
Topical term or geographic name entry element Long-term care facilities
General subdivision Administration.
650 #0 - SUBJECT ADDED ENTRY--TOPICAL TERM
Topical term or geographic name entry element Nursing homes
General subdivision Administration.
650 12 - SUBJECT ADDED ENTRY--TOPICAL TERM
Topical term or geographic name entry element Long-Term Care
General subdivision organization & administration
Geographic subdivision United States.
650 22 - SUBJECT ADDED ENTRY--TOPICAL TERM
Topical term or geographic name entry element Long-Term Care
General subdivision legislation & jurisprudence
Geographic subdivision United States.
650 22 - SUBJECT ADDED ENTRY--TOPICAL TERM
Topical term or geographic name entry element Nursing Homes
General subdivision organization & administration
Geographic subdivision United States.
653 ## - INDEX TERM--UNCONTROLLED
Uncontrolled term ჯანდაცვა
700 1# - ADDED ENTRY--PERSONAL NAME
Personal name Buttaro, Emily L. H.
906 ## - LOCAL DATA ELEMENT F, LDF (RLIN)
a 7
b cbc
c pccadap
d 1
e ocip
f 19
g y-gencatlg
942 ## - ADDED ENTRY ELEMENTS (KOHA)
Source of classification or shelving scheme
Koha item type Books
Holdings
Withdrawn status Lost status Source of classification or shelving scheme Damaged status Not for loan Permanent location Current location Date acquired Inventory number Total Checkouts Full call number Barcode Date last seen Price effective from Koha item type
          Ken Walker International University Ken Walker International University 12/21/2020 2146   614 B-98 2146 12/21/2020 12/21/2020 Books

Powered by Koha